number quiz #2 - Statistics

General Stats
  • This quiz has been taken 19 times
  • The average score is 15 of 15
Answer Stats
number Answer % Correct
14 fourteen
100%
19 nineteen
100%
17 seventeen
100%
16 sixteen
100%
13 thirteen
100%
12 twelve
100%
20 twenty
100%
25 twenty-five
100%
24 twenty-four
100%
21 twenty-one
100%
26 twenty-six
100%
23 twenty-three
100%
22 twenty-two
100%
15 fifteen
94%
18 eighteen
88%
No matching quizzes found
Score Distribution
Percent of People with Each Score
Percentile by Number Answered
Your Score History
You have not taken this quiz